000 00624nam a2200193Ia 4500
003 GCL
008 140319s9999 xx 000 0 ara d
040 _aGCL /
_cGCL
082 0 4 _a320.5
_bج م
100 1 _aجمال الدين عبدالملك
245 1 0 _aمسائل فى التكنولوجيا والايديولوجيا /
_cجمال الدين عبدالملك
260 _a[S.N] :
_bدار الجيل ،
_c1992
300 _a303 ص
490 _a
650 0 4 _aالعالم الثالث
650 0 4 _aالعلاقات الخارجية
650 0 4 _aالنظام العالمى الحديث
942 _2ddc
_cBK
999 _c40502
_d40502